[Event "SVK-ch U12 Girls"]
[Site "Tatralandia"]
[Date "2024.04.09"]
[Round "5"]
[White "Stauderova, Alica"]
[Black "Jarosova, Eliska"]
[Result "1-0"]
[WhiteElo "1000"]
[BlackElo "1000"]
[PlyCount "87"]
[EventDate "2024.04.05"]
[EventType "swiss"]
[EventRounds "7"]
[EventCountry "SVK"]
[SourceTitle "CB16_2024"]
[SourceDate "2024.04.17"]
[SourceVersion "1"]
[SourceVersionDate "2024.04.17"]
[SourceQuality "1"]

1. d4 d5 2. c4 dxc4 3. e3 Nf6 4. Bxc4 Ne4 5. Nf3 Bg4 6. h3 Bh5 7. 0-0 e6 8. Nc3 Nd6 9. b3 Be7 10. Bb2 0-0 11. Qc2 Bg6 12. Bd3 f5 13. Rad1 Nc6 14. a3 Bh5 15. Be2 Qe8 16. Rd2 Rd8 17. Rfd1 a6 18. a4 Nb4 19. Qb1 Bg6 20. Ba3 f4 21. Qa1 fxe3 22. fxe3 Bc2 23. Rc1 a5 24. Nb5 Ne4 25. Rcxc2 Nxc2 26. Rxc2 Rd7 27. Ne5 Rd8 28. Nxc7 Bh4 29. Nxe8 Rfxe8 30. Bh5 g6 31. Bg4 Bf2+ 32. Kf1 Bxe3 33. Qe1 Rxd4 34. Qxe3 Red8 35. Bxe6+ Kg7 36. Rc7+ Kf6 37. Be7+ Kxe5 38. Rc5+ Kxe6 39. Bxd8 Rxd8 40. Qxe4+ Kf6 41. Qe5+ Kf7 42. Rc7+ Kf8 43. Qe7+ Kg8 44. Qg7# 1-0